Adam Sandler Movie Trivia - Statistics

General Stats
  • This quiz has been taken 75 times
  • The average score is 11 of 31
Answer Stats
Question Movie Year % Correct
What was the first movie that he did with Rob Schneider? The Waterboy 1998
76%
What was his first collaboration with Drew Barrymore? The Wedding Singer 1998
76%
What movie did he play Satan's son? Little Nicky 2000
68%
What was the only movie he did with Jack Nicholson? Anger Management 2003
63%
What was his first collaboration with Jennifer Aniston? Just Go With It 2011
58%
What was his first collaboration with Kevin James? 50 First Dates 2004
53%
What movie did he win Worst Actor and Actress? Jack and Jill 2011
53%
What is the only movie of his to get more than 1 sequel? Hotel Transylvania 2012
51%
What was his first collaboration with Steve Buscemi? Billy Madison 1995
49%
What was his most recent collaboration with Drew Barrymore? Blended 2014
49%
What movie did he play a football player? The Longest Yard 2005
49%
What movie featured old 80s video game characters? Pixels 2015
47%
What is his only animated streaming movie? Leo 2023
44%
What movie of his had the tagline: Fear. Less.? Hubie Halloween 2020
37%
What is his only movie made with Disney? Bedtime Stories 2008
34%
What was his first animated movie? Eight Crazy Nights 2011
34%
What movie of his has won the most non-Razzie awards? Uncut Gems 2019
34%
What Happy Madison Production did Kevin James free hostages? Paul Blart: Mall Cop 2009
29%
What live-action Kevin James movie did he voice a character in? Zookeeper 2011
29%
What film marked his first Golden Globe nomination? Punch-Drunk Love 2002
25%
What was his first theatrical movie? Going Overboard 1989
22%
What movie did he play a clown? Shakes the Clown 1991
19%
What was the first movie that his daughter Sunny star in? You Are So Not Invited to My Bat Mitzvah 2023
19%
What is the only movie he did with Steve Martin? Mixed Nuts 1994
17%
What was his first Netflix movie? The Ridiculous 6 2015
15%
What movie of his was directed by Noah Baumbach? The Meyerowitz Stories 2017
12%
What was his first production that he wasn't in at all? Joe Dirt 2001
10%
What horror movie did he produce? The Shortcut 2009
7%
What was his only collaboration with Jennifer Garner? Men, Women and Children 2014
5%
What was the first sequel to a film he worked on? Deuce Bigelow: European Gigolo 2005
3%
What was the first Happy Madison Production? Deuce Bigelow: Male Gigolo 1999
3%
No matching quizzes found
Score Distribution
Percent of People with Each Score
Percentile by Number Answered
Your Score History
You have not taken this quiz